[Event "Krefeld Easter op"]
[Site "Krefeld"]
[Date "2025.04.17"]
[Round "1"]
[White "Ngo, Quang Thai"]
[Black "Bohle, Jasper"]
[Result "1-0"]
[WhiteElo "2321"]
[BlackElo "1858"]
[PlyCount "81"]
[EventDate "2025.04.17"]
[EventType "swiss"]
[EventRounds "9"]
[EventCountry "GER"]
[SourceTitle "CB17_2025"]
[SourceDate "2025.04.23"]
[SourceVersion "1"]
[SourceVersionDate "2025.04.23"]
[SourceQuality "1"]

1. d4 Nf6 2. Nf3 g6 3. c3 Bg7 4. Bf4 d6 5. Nbd2 0-0 6. e4 c5 7. dxc5 dxc5 8. h3 Nc6 9. Qc2 Re8 10. Nc4 e5 11. Rd1 Qc7 12. Be3 b6 13. Nd6 Rd8 14. Nxc8 Raxc8 15. Rxd8+ Rxd8 16. Nd2 Ne7 17. Be2 Nc8 18. 0-0 Qe7 19. Rd1 Nd6 20. Bg5 h6 21. Bh4 g5 22. Bg3 Qe6 23. Qa4 Rd7 24. Re1 b5 25. Qc2 c4 26. a4 a6 27. axb5 axb5 28. Ra1 Nb7 29. b4 Rxd2 30. Qxd2 Nxe4 31. Ra8+ Bf8 32. Qe3 f5 33. Qa7 Nxc3 34. Bh5 Nd6 35. Qb8 Qe7 36. Bxe5 Nde4 37. Ra7 Qxb4 38. Rg7+ Kh8 39. Re7+ Kg8 40. Qxf8+ Kxf8 41. Re8# 1-0